| 000 | 00744nam a2200229 a 4500 | ||
|---|---|---|---|
| 001 | 12890 | ||
| 003 | BD-JhCC | ||
| 005 | 20230601090354.0 | ||
| 008 | 230601s2023 b |||| |||| 000 0 b d | ||
| 020 | _a9789849728580 | ||
| 035 | _a(BD-JhCC)12890 | ||
| 040 |
_aBD-JhCC _dBD-JhCC |
||
| 041 | _aben | ||
| 082 |
_a658.85 _bMAH 2023 |
||
| 100 | _aমাহদী, মুনতাসির | ||
| 245 |
_aডিজিটাল সেলস : _bদ্য ফিউাচার অব সেলস / _cমুনতাসির মাহদী |
||
| 260 |
_aঢাকা : _bশব্দশৈলী, _c২০২৩ |
||
| 300 |
_a১৫২ পৃ. : _c২০ সেমি. |
||
| 650 | _aSelling | ||
| 650 | _aElectronic commerce | ||
| 942 |
_2ddc _cBK |
||
| 999 |
_c12890 _d12890 |
||